[Rezension von: Stephan Lederer, Der spanische Cardinal Johann von Torquemada, sein Leben und seine Schriften. Gekrönte Preisschrift]

Saved in:  
Bibliographic Details
Main Author: Kobler, Andreas 1816-1892 (Author)
Contributors: Lederer, Stephan 1844-1923 (Bibliographic antecedent)
Format: Electronic Review
Language:German
Check availability: HBZ Gateway
Interlibrary Loan:Interlibrary Loan for the Fachinformationsdienste (Specialized Information Services in Germany)
Published: 1880
In: Zeitschrift für katholische Theologie
Year: 1880, Volume: 4, Issue: 2, Pages: 362-364
Review of:Der spanische Cardinal Johann von Torquemada (Freiburg im Breisgau : Herder'sche Verlagsbuchhandlung, 1879) (Kobler, Andreas)
Further subjects:B Book review
Online Access: Volltext (lizenzpflichtig)

MARC

LEADER 00000caa a2200000 c 4500
001 1732425124
003 DE-627
005 20220802210634.0
007 cr uuu---uuuuu
008 200914s1880 xx |||||oo 00| ||ger c
035 |a (DE-627)1732425124 
035 |a (DE-599)KXP1732425124 
040 |a DE-627  |b ger  |c DE-627  |e rda 
041 |a ger 
084 |a 1  |2 ssgn 
100 1 |e VerfasserIn  |0 (DE-588)131740563  |0 (DE-627)707724112  |0 (DE-576)298709708  |4 aut  |a Kobler, Andreas  |d 1816-1892 
109 |a Kobler, Andreas 1816-1892  |a Kobler, Andr. 1816-1892  |a Kobler, A. 1816-1892 
245 1 0 |a [Rezension von: Stephan Lederer, Der spanische Cardinal Johann von Torquemada, sein Leben und seine Schriften. Gekrönte Preisschrift]  |c [Andreas] Kobler, S.J. 
264 1 |c 1880 
336 |a Text  |b txt  |2 rdacontent 
337 |a Computermedien  |b c  |2 rdamedia 
338 |a Online-Ressource  |b cr  |2 rdacarrier 
601 |a Rezension 
601 |a St. Stephan 
601 |a Schrift 
601 |a Spanisch 
655 7 |a Rezension  |0 (DE-588)4049712-4  |0 (DE-627)106186019  |0 (DE-576)209083166  |2 gnd-content 
700 1 |e VerfasserIn des Bezugswerks  |0 (DE-588)1126581313  |0 (DE-627)881651281  |0 (DE-576)484569767  |4 ant  |a Lederer, Stephan  |d 1844-1923 
773 0 8 |i Enthalten in  |t Zeitschrift für katholische Theologie  |d Würzburg : Echter, 1877  |g 4(1880), 2, Seite 362-364  |h Online-Ressource  |w (DE-627)828842965  |w (DE-600)2825708-X  |w (DE-576)434213667  |7 nnas 
773 1 8 |g volume:4  |g year:1880  |g number:2  |g pages:362-364 
787 0 8 |i Rezension von  |a Lederer, Stephan, 1844 - 1923  |t Der spanische Cardinal Johann von Torquemada  |d Freiburg im Breisgau : Herder'sche Verlagsbuchhandlung, 1879  |h XI, 270 S.  |w (DE-627)1178971503  |w (DE-576)108971503 
856 4 0 |u https://www.jstor.org/stable/24185389  |x Verlag  |z lizenzpflichtig  |3 Volltext  |7 1 
951 |a AR 
ELC |a 1 
ITA |a 1  |t 1 
LOK |0 000 xxxxxcx a22 zn 4500 
LOK |0 001 3753888451 
LOK |0 003 DE-627 
LOK |0 004 1732425124 
LOK |0 005 20220803080804 
LOK |0 008 200914||||||||||||||||ger||||||| 
LOK |0 040   |a DE-Tue135-1  |c DE-627  |d DE-Tue135-1 
LOK |0 852   |a DE-Tue135-1 
LOK |0 852 1  |m p  |9 00 
LOK |0 852 2  |b www / FTH Z1-930  |9 00 
LOK |0 85640  |u https://bibsearch.uibk.ac.at/permalink/f/1po5meu/UIB_alma51202468270003333 
LOK |0 85640  |u https://bibsearch.uibk.ac.at/AC00060678 
LOK |0 935   |a inzs 
LOK |0 938   |k p 
LOK |0 939   |a 14-09-20  |b l01 
ORI |a SA-MARC-ixtheoa001.raw